Sametová 17 /

Hlavní autor: Stejskal, Tomáš, 1970-2012
Jazyk: Čeština
Vydáno: Praha : Torst, 2016
Vydání: Vydání první
Témata:
Externí odkaz: Digitalizovaný dokument
Fyzický popis: 152 stran ; 20 cm
Knihy
Uloženo v:
LEADER 01262cam a2200373 i 4500
001 nkc20162844477
003 CZ PrNK
005 20170302091112.0
007 ta
008 161017s2016 xr g 000 f cze d
015 |a cnb002844477 
020 |a 978-80-7215-529-3  |q (brožováno) 
035 |a (OCoLC)982100439 
040 |a ULG001  |b cze  |d OLA001  |d ABA001  |e rda 
072 7 |a 821.162.3-3  |x Česká próza  |2 Konspekt  |9 25 
080 |a 821.162.3-3  |2 MRF 
080 |a (0:82-3)  |2 MRF 
100 1 |a Stejskal, Tomáš,  |d 1970-2012  |7 osa2016929993  |4 aut 
245 1 0 |a Sametová 17 /  |c Tomáš Stejskal 
250 |a Vydání první 
264 1 |a Praha :  |b Torst,  |c 2016 
300 |a 152 stran ;  |c 20 cm 
336 |a text  |b txt  |2 rdacontent 
337 |a bez média  |b n  |2 rdamedia 
338 |a svazek  |b nc  |2 rdacarrier 
655 7 |a české prózy  |7 fd133972  |2 czenas 
655 9 |a Czech prose  |2 eczenas 
856 4 1 |u http://www.digitalniknihovna.cz/mzk/uuid/uuid:58254af0-7e5e-11f0-b092-5ef3fc9bb22f  |y Digitalizovaný dokument  |x NDK 
910 2 |a BOA001  |b 1-1384.124 
920 |a KN3148000000940135  |z ULG001 
990 |a BK 
995 |a 01 
991 |b 201702  |c NOV 
996 6 |b 2610697182  |c 1-1384.124  |l MZK  |r Sklad / do 1 hodiny  |n 0  |p p.v.  |w 001599407  |u 000010  |a 1  |e BOA001  |j MZK50  |s P